| 000 | 00936nam a22002655i 4500 | ||
|---|---|---|---|
| 001 | 169222 | ||
| 003 | ES-MaACL | ||
| 005 | 20230906214030.0 | ||
| 008 | 080822s2002 sp |||| | spa d | ||
| 017 | _aB-49.744-2002 | ||
| 020 | _a84-7664-798-0 | ||
| 080 | _a77 Auerbach, Ellen (083.824) | ||
| 100 | 1 |
_aAuerbach, Ellen. _9138303 |
|
| 245 | 1 | 0 |
_aEllen Auerbach, la mirada intuitiva _b: colección Archiv der Akademie der Künste de Berlín / _cexposición organizada y producida por la Fundación "la Caixa". |
| 250 | _a1ª ed. | ||
| 260 |
_aBarcelona : _bFundación "la Caixa", _c2002. |
||
| 300 |
_a117 p. : _bprincipalmente fot. ; _c21 x 21 cm. |
||
| 504 | _aBibliografía. | ||
| 600 | 1 | 4 |
_aAuerbach, Ellen- _vExposiciones. _9138304 |
| 655 | 7 |
_2tgfbne _9193628 _aCatálogos de exposiciones |
|
| 710 | 2 |
_aFundació "la Caixa" _9173255 |
|
| 852 | 4 |
_aES-MaACL _jL-29551 |
|
| 942 | _2udc | ||
| 999 |
_c169222 _d169222 |
||